Ngữ nghĩa học tiếng Anh (Semantics)

Gorde:
Xehetasun bibliografikoak
Formatua: Liburua
Etiketak: Etiketa erantsi
Etiketarik gabe, Izan zaitez lehena erregistro honi etiketa jartzen!
Thư viện lưu trữ: Mạng thư viện Đại học Đà Nẵng
LEADER 00408nam a22001571a 4500
001 000036028
003 12320
005 20160322090147.0
008 160322s0 000
245 |a Ngữ nghĩa học tiếng Anh (Semantics)  |c Ngũ Thiện Hùng 
OWN |a LNN 
999 |a From the UDN01 
TYP |a Monograph 
980 |a Mạng thư viện Đại học Đà Nẵng